KOHA-Header-6

Faza'il-e-Sadaqaat (Translated) (Record no. 13685)

000 -LEADER
fixed length control field 00295nam a22001217a 4500
082 ## - DEWEY DECIMAL CLASSIFICATION NUMBER
Classification number 297.54
Item number ZAK
100 ## - MAIN ENTRY--AUTHOR NAME
Personal name Zakariyya KandaFaiz Ahmed Faiz
245 ## - TITLE STATEMENT
Title Faza'il-e-Sadaqaat (Translated)
260 ## - PUBLICATION, DISTRIBUTION, ETC. (IMPRINT)
Place of publication Lahore
Name of publisher Kutub Khana Faizi
300 ## - PHYSICAL DESCRIPTION
Number of Pages 719 P.
650 ## - SUBJECT ADDED ENTRY--TOPICAL TERM
Topical Term Islam, Spending
942 ## - ADDED ENTRY ELEMENTS (KOHA)
Koha item type Books
Holdings
Withdrawn status Lost status Collection code Permanent Location Current Location Shelving location Date acquired Full call number Accession Number Koha item type
    Islamic Studies MAJU MAJU Shelf No.A-9 2023-01-19 297.54 ZAK 10787 Books

Powered by Koha